| 000 | 00621nam a22001457a 4500 | ||
|---|---|---|---|
| 020 | _a978-81-269-1752-5 | ||
| 040 | _cNUST | ||
| 082 | _a658.45,SIN | ||
| 100 |
_aSingh, Priyanka _9107258 |
||
| 245 |
_aProfessional Communication / _cPriyanka Singh |
||
| 260 |
_aIndia _bAtlantic _c2013 |
||
| 300 | _axii,298 p; | ||
| 505 | _aUnit -1: Basic of Technical Communication (Page-3), unit-2: Constituents of Technical Written Communication (Page-41), Unit-3: Form of Technical Communication (Page-139), Unit-4: Presentation Strategies (Page-237), Unit-5: Value Based Text Readings (Page-255). | ||
| 942 |
_2ddc _cBK _k658.45,SIN |
||
| 999 |
_c592970 _d592970 |
||